000 00583nam a2200193 a 4500
001 000017169
005 20240412074245.0
008 100319s1926 dr a 000 p spa d
040 _aDO-SdBNP
_bspa
_cBNPHU
082 _aRD861.42
_bS211q
100 1 _aSánchez Lustrino, Gilberto
_937800
245 1 0 _aQuietud /
_cGilberto Sánchez Lustrino.
260 _a[Santo Domingo] :
_bCosmopolitana,
_c1926.
300 _a111 p. :
_bil. ;
_c24 cm.
650 0 _aPoesía dominicana
_966
650 0 _aLiteratura dominicana.
_967
910 _aValidado. Control de calidad MFF
049 _aBNPD
999 _c16695
_d16695